01372nam a2200337 a 4500001001200000003000800012006001900020007001500039008004100054010001700095020002800112020003500140040002100175035002000196050002200216082002000238100002100258245010200279260006400381300001600445490004500461504006500506533015200571650002400723650003200747650003900779655002900818710001700847830004400864856012600908ebr10064657CaPaEBRm u cr cn|||||||||900420s1991 nyu sb s001 0 eng  z 90037218  z0791406105 (alk. paper) z0791406113 (pbk. : alk. paper) aCaPaEBRcCaPaEBR a(OCoLC)6076906814aLA11b.P65 1991eb04a370/.9181/22201 aPower, Edward J.12aA legacy of learningh[electronic resource] :ba history of Western education /cEdward J. Power. aAlbany, N.Y. :bState University of New York Press,cc1991. axiv, 400 p.1 aSUNY series, the philosophy of education aIncludes bibliographical references (p. 363- 390) and index. aElectronic reproduction.bPalo Alto, Calif. :cebrary,d2013.nAvailable via World Wide Web.nAccess may be limited to ebrary affiliated libraries. 0aEducationxHistory. 0aEducationzEuropexHistory. 0aEducationzUnited StatesxHistory. 7aElectronic books.2local2 aebrary, Inc. 0aSUNY series in philosophy of education.40uhttp://site.ebrary.com/lib/rucke/Doc?id=10064657zAn electronic book accessible through the World Wide Web; click to view